Central Library OPAC University of Rajshahi

Arms and the man : (Record no. 85164)

MARC details
000 -LEADER
fixed length control field 00894nam a2200229 a 4500
001 - CONTROL NUMBER
control field 85164
003 - CONTROL NUMBER IDENTIFIER
rucl marc code BD-RjUL
005 - DATE AND TIME OF LATEST TRANSACTION
control field 20250710103644.0
008 - FIXED-LENGTH DATA ELEMENTS--GENERAL INFORMATION
fixed length control field 140030r19671957enk 000 0deng d
035 ## - SYSTEM CONTROL NUMBER
System control number (BD-RjUL)85164
040 ## - CATALOGING SOURCE
Original cataloging agency DLC
Transcribing agency DLC
Language of cataloging eng
Modifying agency BD-RjUL
041 ## - LANGUAGE CODE
Language code of text/sound track or separate title eng
082 ## - DEWEY DECIMAL CLASSIFICATION NUMBER
Classification number 822.91
Author mark and year SHA 1967
100 1# - MAIN ENTRY--PERSONAL NAME
Personal name Shaw, Bernard.
9 (RLIN) 64190
245 00 - TITLE STATEMENT
Title Arms and the man :
Remainder of title an anti-romantic comedy in three acts /
Statement of responsibility, etc. George Bernard Shaw
260 ## - PUBLICATION, DISTRIBUTION, ETC. (IMPRINT)
Place of publication, distribution, etc. London :
Name of publisher, distributor, etc. Constable and Company,
Date of publication, distribution, etc. 1957, [Reprinted 1967].
300 ## - PHYSICAL DESCRIPTION
Pagination 118 p. ;
Size 20 cm.
520 ## - SUMMARY, ETC.
Summary, etc. Arena Stage, Zelda Fichandler and Alan Schneider, present "Arms and the Man," by George Bernard Shaw, directed by Basil Langton, setting by Marshall Yokelson, lighting by Leo Gallenstein.
580 ## - LINKING ENTRY COMPLEXITY NOTE
Linking entry complexity note In: Richard L. Coe Theater Programs Collection (Library of Congress).
650 #0 - SUBJECT ADDED ENTRY--TOPICAL TERM
Topical term or geographic name as entry element English Drama.
9 (RLIN) 64191
942 ## - ADDED ENTRY ELEMENTS (KOHA)
Source of classification or shelving scheme Dewey Decimal Classification
Koha item type Books
Holdings
Lost status Source of classification or shelving scheme Damaged status Not for loan Collection code Permanent Location Current Location Shelving location Date acquired Source of acquisition Total Checkouts Full call number Date last seen Copy number Koha item type
  Dewey Decimal Classification   Not For Loan Fiction Central Library, University of Rajshahi Central Library, University of Rajshahi Reading Room 02/07/1968 Swets & Zeitlinger   822.91 SHA 1967 10/07/2025 C-1 Books